Auditing theory : (Record no. 3367)

MARC details
000 -LEADER
fixed length control field 00692nam a22002177a 4500
003 - CONTROL NUMBER IDENTIFIER
control field OSt
005 - DATE AND TIME OF LATEST TRANSACTION
control field 20250703060650.0
008 - FIXED-LENGTH DATA ELEMENTS--GENERAL INFORMATION
fixed length control field 250703b |||||||| |||| 00| 0 eng d
020 ## - INTERNATIONAL STANDARD BOOK NUMBER
International Standard Book Number 9786214160440
040 ## - CATALOGING SOURCE
Original cataloging agency DWCL - Main lib
Transcribing agency OC
082 ## - DEWEY DECIMAL CLASSIFICATION NUMBER
Classification number Fil. 657.45 S173a 2018
100 ## - MAIN ENTRY--PERSONAL NAME
Personal name Salosagcol, Jekell G.
245 ## - TITLE STATEMENT
Title Auditing theory :
Remainder of title a guide in understanding the Philippine standards on auditing/
Statement of responsibility, etc. Jekell G. Salosagcol
250 ## - EDITION STATEMENT
Edition statement 2018 edition.
260 ## - PUBLICATION, DISTRIBUTION, ETC.
Place of publication, distribution, etc. Manila :
Name of publisher, distributor, etc. GIC Enterprises and Co.,
Date of publication, distribution, etc. c2018.
300 ## - PHYSICAL DESCRIPTION
Extent 746 pages ;
Dimensions 22 cm.
650 ## - SUBJECT ADDED ENTRY--TOPICAL TERM
Topical term or geographic name entry element 1. Auditing.
700 ## - ADDED ENTRY--PERSONAL NAME
Personal name Micahel F. Tiu
700 ## - ADDED ENTRY--PERSONAL NAME
Personal name Roel Hermosilla
942 ## - ADDED ENTRY ELEMENTS (KOHA)
Source of classification or shelving scheme Dewey Decimal Classification
Koha item type Book-Filipiniana
Edition 2018 edition.
Call number prefix Fil.
Suppress in OPAC No
952 ## - LOCATION AND ITEM INFORMATION (KOHA)
--
Holdings
Withdrawn status Lost status Source of classification or shelving scheme Damaged status Not for loan Home library Current library Shelving location Date acquired Source of acquisition Cost, normal purchase price Total Checkouts Full call number Barcode Date last seen Copy number Price effective from Koha item type Uniform Resource Identifier
    Dewey Decimal Classification     College Library College Library Filipiniana 08/01/2018 School Fund 450.00   Fil. 657.45 S173a 2018 51877 07/03/2025 c1 07/03/2025 BK - FIL